New Zealand Rugby All Blacks - 5 or more losses as captains - Statistics

General Stats
  • This quiz has been taken 91 times
    21 since last reset
  • The average score is 4 of 5
Answer Stats
Losses Years as Captain Captain % Correct
7 2012-2019 Kieran Read
100%
10 2004-2015 Richard McCaw
100%
11 1992-1997 Sean Fitzpatrick
76%
9 1998-2002 Taine Randell
57%
5 1958-1965 Wilson Whineray
24%
No matching quizzes found
Score Distribution
Percent of People with Each Score
Percentile by Number Answered
Your Score History
You have not taken this quiz since the last reset